The loyal citizen, or, Sedition laid open : a satyr presented to all loyal citizens and subjects /

Bibliographic Details
Main Author: J. D., Gent
Format: Microform Book
Language:English
Series:Early English books, 1641-1700 ; 734:32.

MARC

Tag First Indicator Second Indicator Subfields
LEADER 00000cam a2200000 a 4500
001 in00000959513
005 20150926133708.0
007 hd afv|||baca
008 860219s1682 miu a 00010 eng d
035 |a (OCoLC)13172629 
035 |9 AEU0788AM 
037 |a CL0037000022  |b UMI 
037 |b University Microfilms International, 300 N. Zeeb Road, Ann Arbor, MI 48106. 
040 |a EAA  |c EAA  |d m/c  |d UtOrBLW 
049 |a TXAI 
099 |a film   |a  B   |a  3609 
100 0 |a J. D.,  |c Gent. 
245 1 4 |a The loyal citizen, or, Sedition laid open :  |b a satyr presented to all loyal citizens and subjects /  |c by J.D., Gent. 
264 3 |a London :  |b Printed for Walter Davis,  |c 1682. 
300 |a 6 unnumbered pages, 12 pages 
336 |a text  |b txt  |2 rdacontent 
337 |a microform  |b h  |2 rdamedia 
338 |a microfilm reel  |b hd  |2 rdacarrier 
500 |a In verse. 
500 |a Reproduction of original in Huntington Library. 
510 4 |a Wing  |c D37 
533 |a Microfilm.  |b Ann Arbor, Mich. :  |c University Microfilms International,  |d 1977.  |e 1 microfilm reel ; 35 mm.  |f (Early English books, 1641-1700 ; 734:32) 
500 |a Microform. 
740 0 |a Sedition laid open. 
830 0 |a Early English books, 1641-1700 ;  |v 734:32. 
999 |a MARS 
999 f f |s 0779c9ec-fa0f-3c22-a5e0-2ff01f5378fa  |i b6dad611-7235-331d-9f52-d34e4b5b3a1a  |t 0 
952 f f |p default  |a Texas A&M University  |b College Station  |c Sterling C. Evans Library  |d Evans: Microforms (3rd floor)  |t 0  |e film B 3609 734:32  |h Other scheme  |i microform -- microfilm reel 
998 f f |a film B 3609 734:32  |t 0  |l Evans: Microforms (3rd floor)